|
|
|
|
| LEADER |
00000nam a22000007a 4500 |
| 005 |
20170527210737.0 |
| 007 |
cr|||| |||| |
| 008 |
170527s2014 mx |||||s|||| 00||0 spa d |
| 020 |
|
|
|a 978-968-5447-26-8
|
| 035 |
|
|
|a 20275
|
| 040 |
|
|
|a vLex
|
| 090 |
|
|
|c 6709
|d 6709
|
| 100 |
1 |
|
|a Woldenberg, Još
|
| 245 |
1 |
3 |
|a Los partidos polt̕icos y las elecciones de los Estados Unidos Mexicanos
|h [Recurso electrn̤ico] /
|c Jos ̌Woldenberg
|
| 256 |
|
|
|a Servicio en ln̕ea
|
| 260 |
|
|
|a Mx̌ico DF:
|b Nostra Ediciones,
|c 2014
|
| 300 |
|
|
|a 1 recurso electrn̤ico
|
| 500 |
|
|
|a Esta obra, escrita por uno de los ms̀ reconocidos especialistas en la materia, explica con claridad y sencillez el funcionamiento de los partidos polt̕icos de Mx̌ico en relacin̤ con el sistema electoral de nuestro pas̕. Define su estructura, funcionamiento e interrelacin̤, proporcionando elementos prc̀ticos para la comprensin̤ del sistema polt̕ico mexicano.
|
| 506 |
1 |
|
|a Disponible solo en los productos indicados
|d vLex Global
|d vLex Global (Academic Edition, excluding Law Schools)
|d vLex Global (U.S. Academic Edition, Law Schools)
|d vLex Global (U.S. Academic Edition, excluding Law Schools)
|d vLex Global (Academic Edition, Law Schools)
|
| 650 |
0 |
4 |
|a Derecho Constitucional
|z Mx̌ico
|
| 650 |
0 |
4 |
|a Rǧimen Electoral
|z Mx̌ico
|
| 740 |
0 |
|
|a vLex Libros (Servicio en ln̕ea)
|
| 856 |
4 |
0 |
|u http://vlex.com/source/partidos-politicos-y-las-elecciones-de-los-estados-unidos-mexicanos-20275
|z Acceso restringido
|
| 942 |
|
|
|c BOOK
|
| 999 |
0 |
|
|a Constitutional Law
|
| 999 |
0 |
|
|a Electoral System
|